MDQL
is popping MORE tags! Check the
thread
!
Quizzes
Events
Quiz Creation
Community
Videos
Private Events
Remove Ads
Sign In
Join for FREE
Feedback
Dark Mode
Quiz Categories
Sports
Geography
Music
Movies
Television
Just For Fun
Miscellaneous
History
Literature
Language
Science
Gaming
Entertainment
Religion
Holiday
For Kids
Quiz Lab
Recent
Popular Today
Quiz Kudos Today
Editor Picks
Curator Picks
Quizzes by...
Day
Popularity
Type
Ratings
Length
Year
Community
Subscriptions
Recent Discussions
Orange Saloon
Badges
Playlists
Quests
Create
Leaderboards
Showdown
Live 5
Trivia Bingo
Activity
Puzzle Library
Sporcle Events
Private Events
Virtual Trivia
Globe League
Become a Host
Pub Owners
SporcleCon
Opinionation
Our Games
Videos
Blog
Mobile Apps
Partnerships
Remove Ads and Go Orange
Feedback
Movies
Disney
Marvel Cinematic Universe
Movie Resume
Movie Titles
Oscar
Actor
Actress
Director
Pixar
Role
Movie Quotes
Movie Characters
Box Office
Nominee
Best Picture
Star Wars
James Bond
Horror Movies
Movies
Disney
Marvel Cinematic Universe
Movie Resume
Movie Titles
Oscar
Actor
Actress
Director
Pixar
Role
Movie Quotes
Movie Characters
Box Office
Nominee
Best Picture
Star Wars
James Bond
Horror Movies
Random Quiz
Search Sporcle
×
Quiz Lab
Quiz Lab
Movies
Actor
Type in answers that appear in a list
Type in answers that appear in a list
Classic
Best Score? Go Orange.
Famous Acting Siblings Stats
Can you name the Famous Acting Siblings?
By
brkfldgoalie06
7m
32 Questions
1,577 Plays
1,577 Plays
1,577 Plays
Comments
Comments
Give Quiz Kudos
Give Quiz Kudos
-
- Ratings
hide this ad
Replay
Link that replays current quiz
Next Quiz
Link to next quiz in quiz playlist
You Got
0%
They Got
Avg Score
52%
Avg Friend Score
Upgrade to see
Score Distribution
Jump to the score distribution portion of the page
Score
0/32
Timer
07:00
0
Plays Today
sibling #1 projects
last name(s)
% Correct
Legally Blonde, The Family Stone, The Royal Tenenbaums
Luke & Owen Wilson
83.6%
King Of The Gypsies, Raggedy Man, Runaway Train
Eric & Julia Roberts
81.1%
Good Will Hunting, Pearl Harbor, Jersey Girl
Ben & Casey Affleck
80.4%
The Breakfast Club, The Mighty Ducks
Emilio Estevez & Charlie Sheen
79.9%
Stand By Me, Running On Empty
River & Joaquin Phoenix
72%
Donnie Darko, Day After Tomorrow, Brokeback Mountain
Jake & Maggie Gyllenhaal
71.3%
Home Alone, Richie Rich, Saved
Macaulay & Rory Culkin
70.2%
Boy Meets World
Ben & Fred Savage
70.1%
Zoey 101
Jamie Lynn & Britney Spears
69.5%
The Hunt For Red October, 30 Rock
Alec & William Baldwin
67.8%
Say Anything..., High Fidelity, Being John Malkovich
John & Joan Cusack
66.6%
Growing Pains
Kirk & Candace Cameron
61.4%
Cheaper By The Dozen, A Cinderella Story, Raise Your Voice
Hilary & Haylie Duff
61.2%
The Blues Brothers, SNL
John & Jim Belushi
60.9%
The Sixth Sense, Pay It Forward, Secondhand Lions
Haley Joel & Emily Osment
60.7%
Dukes Of Hazzard, Newlyweds
Jessica & Ashlee Simpson
60.2%
sibling #1 projects
last name(s)
% Correct
I Am Sam, Uptown Girls, Push, Twilight: New Moon
Dakota & Elle Fanning
58.4%
How To Lose A Guy In Ten Days, Raising Helen, Bride Wars
Kate & Oliver Hudson
56.9%
Scream, Never Been Kissed
David & Patricia Arquette
55.5%
Signs, Little Miss Sunshine, My Sister's Keeper
Abigail & Spencer Breslin
55%
Family Ties
Justine & Jason Bateman
49.6%
Brokeback Mountain, Purgatory, Goya's Ghosts
Randy & Dennis Quaid
49.4%
Dreamcatcher, Saw (II-
V), The Sixth Sense
Donnie & Mark Wahlberg
43.7%
I Am Sam, Mystic River, Milk
Sean & Chris Penn
35.8%
That 70's Show, Made For Each Other
Danny & Christopher Masterson
25.6%
Elf, The Hitchhiker's Guide To The Galaxy, (500) Days Of Summer
Zooey & Emily Deschanel
25.3%
Bring It On: All Or Nothing, Ice Princess, Heroes
Hayden & Jansen Panettiere
24.9%
The Fabulous Baker Boys, Max Payne, My Name Is Earl
Beau & Jeff Bridges
22.6%
Spy Kids (1-
3), Ruby And The Rockits
Alexa & Makenzie Vega
20.3%
The Goonies, Lord Of The Rings
Sean & Mackenzie Astin
20.2%
Life As We Know It, The Door In The Floor, The Informers
Jon & Ben Foster
9%
The Missing, Dickie Roberts: Former Child Star, The Sisterhood Of The Traveling Pants
Jenna & Cayden Boyd
3.2%
Quiz Playlist
Details
Report
Send in Message
Add To Playlist
Classic:
Type in answers that appear in a list
Last Updated: Feb 16, 2017
Quiz Scoreboard
CHALLENGE
Sign Up to Join the Scoreboard
Show All
Scores
Hide
Comments
May contain spoilers
Recently Published
Holiday 10x10 Sorting Gallery
by lukepisani3
Holiday
15m
Two Season TV Shows II
by 123Four
Television
10m
Image Sorting: Flags VI
by Barbecue
Geography
2m
More to Explore
Quiz From the Vault
Featured Blog Post
14 Easter Pick-up Lines to Find Eggs With
hide this ad
You Might Also Like...
Tags
Actor Quiz
Famous Quiz
last
project
Sibling
Today's Top Quizzes in Movies
Browse Movies
hide this ad
Today's Top Quizzes in Actor
Browse Actor
Top Contributed Quizzes in Movies
1
The ultimate James Bond movie quiz
2
Find The 'Big' Movie
3
Find The 'Wild' Movie
4
Find The 'Blue' Movie
5
Movies By Plot
6
Hidden Star Wars Character II
7
25 Best Actor Nominees (1990s)
8
Hidden Star Wars Character III
9
😉 2024 Oscar Nominees by Emoji
10
Hidden Star Wars Character IV
Explore More
Trending Topics
Crossword
Disney
Harry Potter
NBA
Anime
Marvel
Kpop
Puzzle
Country
WWE
Soccer
Pokémon
NFL
Song
The Office
hide this ad
More By:
brkfldgoalie06
Quiz
Plays
Rating
Category
Featured
Created
Famous Acting Siblings
1,577
4.05
Movies
Oct 12, 2009
Can you name the 90210 characters?
1,477
5.00
Television
Oct 8, 2009
Words Starting & Ending With Same Letter
800
4.00
Just For Fun
Oct 13, 2009
Can you name all 40 Kid Nation Pioneers
358
3.67
Television
Oct 14, 2009
Can you name the 2009 Milwaukee Brewers
320
5.00
Sports
Oct 9, 2009
Go to Creator's Profile
Score Distribution
Quiz Creator Spotlight
brkfldgoalie06
Follow
Send a Message
Quizzes Created
-
Created Quiz Play Count
-
More By This Creator
Popular Quizzes Today
1
Find the US States - No Outlines Minefield
2
Colored Red Africa Blitz
3
Find the 'City' Movie
4
The Countries of the World
5
Find the US States
6
5x2 Blitz: Bands
7
Find the Countries of Europe - No Outlines Minefield
8
US States
More Movies Quizzes
Characters in 2008 Movie Posters
Quiz Lab
Trending Quizzes
Colored Red Europe Blitz I
Colored Red Europe Blitz II
Colored Red Africa Blitz II
Colored Red Europe Blitz III
Colored Red Africa Blitz III
Recently Updated
Odd Team Out - Big 4 Players
pecheneg
Quick Pick: 20 Twenties
pecheneg
March Madness Men's Triple Doubles
pecheneg
How Do You Spell That?
pecheneg
Godzilla Movies
pecheneg
Grab Bag: 4-10 Letters
pecheneg
2024 March Madness Bracket
pecheneg
Famous TV Couples
Peacemaker
Champions League XIs: Real Madrid
pecheneg
Largest US Cities 1790-2010
pecheneg
Trending Topics
Disney
Marvel
NBA
Crossword
Harry Potter
Kpop
Anime
The Office
Pokémon
Song
Soccer
Puzzle
NFL
WWE
Country
Your Account Isn't Verified!
In order to create a playlist on Sporcle, you need to verify the email address you used during registration. Go to your
Sporcle Settings
to finish the process.
Report this User
Report this user for behavior that violates our
Community Guidelines
.
Details:
Send Report
Go to the Sporcle.com Mobile Site →
Comments